Statistics for Mexico Football Team World Cup Starting XI

Click here to take the quiz!

General Stats

  • This quiz has been taken 658 times
    (395 since last reset)
  • The average score is 32 of 134

Answer Stats

Player% Correct
Guillermo Ochoa
97%
Mario Ochoa
95%
Javier Hernández
91%
Luis Hernández
82%
Guillermo Hernández
81%
Héctor Hernández
81%
Hugo Sánchez
79%
Hirving Lozano
78%
Jorge Sánchez
77%
Oswaldo Sánchez
77%
Rafael Márquez
69%
Héctor Herrera
68%
Andrés Guardado
63%
Carlos Vela
60%
Edson Álvarez
56%
Giovani dos Santos
53%
Henry Martín
53%
Héctor Moreno
47%
Francisco Rodríguez
44%
Johan Rodríguez
44%
Jorge Rodríguez
44%
Miguel Layún
43%
Cuauhtémoc Blanco
42%
Óscar Pérez
42%
Carlos Blanco
41%
Luis Chávez
41%
Mario Pérez
41%
Alexis Vega
40%
Jorge Campos
39%
Alberto García Aspe
36%
Luis García
35%
Oribe Peralta
35%
Jesús Gallardo
32%
Arturo Vázquez Ayala
30%
César Montes
30%
Carlos Salcedo
28%
Carlos Salcido
28%
Jared Borgetti
27%
Jesús Martínez
27%
Saturnino Martínez
27%
Claudio Suárez
26%
José Pilar Reyes
26%
Narciso López
26%
Salvador Reyes
26%
Gerardo Torrado
25%
Aarón Padilla
24%
José Juan Vázquez
24%
Manuel Gutiérrez
24%
Miguel Gutiérrez
24%
Alfredo del Águila
23%
Paul Aguilar
23%
Guillermo Franco
21%
Juan Ramírez
21%
Omar Bravo
21%
Ramón Ramírez
21%
Ricardo Osorio
21%
Gonzalo Pineda
20%
Gregorio Gómez
20%
Pável Pardo
20%
Francisco Fonseca
19%
Carlos González
18%
Germán Villa
18%
José Luis González
18%
Antonio Carbajal
17%
Antonio de la Torre
17%
Gustavo Peña
16%
Alfredo Torres
15%
Luís Roberto Alves
15%
Ramón Morales
15%
Efraín Juárez
14%
Isidoro Díaz
14%
Jesús Arellano
14%
Mario Méndez
14%
Raúl Arellano
14%
Javier Aguirre
12%
Manuel Negrete
12%
Jorge Romo
11%
Tomás Boy
11%
Braulio Luna
10%
Carlos Muñoz
10%
Félix Cruz
10%
Francisco Flores
10%
Francisco Palencia
10%
Luis Flores
10%
Pablo Larios
10%
Alfredo Tena
9%
Duilio Davino
9%
Enrique Borja
9%
Fernando Quirarte
9%
Ignacio Ambríz
9%
Manuel Vidrio
9%
Javier Guzmán
8%
Salvador Carmona
8%
Eduardo Ramos
7%
Guillermo Sepúlveda
7%
Ignacio Calderón
7%
Pedro Nájera
7%
Raúl Lara
7%
Tomás Balcázar
7%
Cristóbal Ortega
6%
Gabriel Núñez
6%
Guillermo Mendizábal
6%
Héctor Pulido
6%
José Antonio Roca
6%
José Velázquez
6%
Magdaleno Mercado
6%
Marcelino Bernal
6%
Raúl Servín
6%
Héctor Ortiz
5%
Ignacio Jáuregui
5%
Javier Valdivia
5%
Joaquín del Olmo
5%
Arturo Chaires
4%
Horacio Casarín
4%
José Vantolrá
4%
Víctor Rangel
4%
Antonio Jasso
3%
Antonio Munguía
3%
Carlos Septién
3%
Javier Fragoso
3%
Leonardo Cuéllar
3%
Rafael Amador
3%
Raúl Cárdenas
3%
Enrique Sesma
2%
Jaime Belmonte
2%
Jesús del Muro
2%
José Luis Lamadrid
2%
José Naranjo
2%
Rafael Avalos
2%

Score Distribution

Percentile by Number Answered

Percent of People with Each Score

Your Score History

You have not taken this quiz since the last reset